| 000 | 01060nam a22002775a 4500 | ||
|---|---|---|---|
| 003 | OSt | ||
| 005 | 20160922122837.0 | ||
| 008 | 160922s2010 ua frb 000 0 ara d | ||
| 015 | _a2009/2850 | ||
| 020 | _a9773502000 | ||
| 040 |
_aEG-ScBUE _bara _cEG-ScBUE |
||
| 082 | 0 | 4 |
_a345.62 _bع ص ا _222 |
| 100 | 1 |
_aعصام، حسين. _941145 |
|
| 245 | 1 | 0 |
_aفلسفة التجريم والعقاب الشرعية في تجزئة القاعدة الجنائية / _cتأليف حسين عصام. |
| 250 | _aط. 1. | ||
| 260 |
_aالقاهرة ؛ _aالكويت : _bدار الكتاب الحديث، _c2010. |
||
| 300 |
_a412 ص. ؛ _c24 سم. |
||
| 504 | _aيشتمل على إرجاعات ببليوجرافية. | ||
| 650 | 7 |
_aالقانون الجنائي _zمصر. _2BUEsh _941146 |
|
| 650 | 7 |
_aالقانون الجنائي (فقه إسلامي) _2BUEsh _941147 |
|
| 650 | 7 |
_aالعقوبات _zمصر. _2BUEsh _941136 |
|
| 650 | 7 |
_aقانون العقوبات _zمصر. _2BUEsh _941137 |
|
| 651 | _2BUEsh | ||
| 653 |
_bLLAAWW _cSeptember2016 |
||
| 942 | _2ddc | ||
| 999 |
_c22374 _d22346 |
||